| 000 | 01236cam a22003491 4500 | ||
|---|---|---|---|
| 999 |
_c28769 _d28740 |
||
| 001 | 8480306 | ||
| 003 | EG-ScBUE | ||
| 005 | 20200922101700.0 | ||
| 008 | 711019t1971 enka f b 001 0 eng d | ||
| 020 | _a070941815 | ||
| 035 | _a(OCoLC)165759 | ||
| 040 |
_aDLC _beng _erda _cODaWU _dOCoLC _dUk _dDLC _dEG-ScBUE |
||
| 082 | 0 | 4 |
_a300.18 _bMET _222 |
| 245 | 1 | 0 |
_aMethodology in social research / _cedited by Hubert M. Blalock, Jr., professor of sociology, University of North Carolina, Ann B. Blalock. |
| 250 | _aInternational student edition. | ||
| 264 | 1 |
_aLondon : _bMcGraw-Hill, _c[1971] |
|
| 264 | 4 | _cc1971 | |
| 300 |
_a493 pages : _billustrations ; _c23 cm. |
||
| 336 |
_2rdacontent _atext _btxt |
||
| 337 |
_2rdamedia _aunmediated _bn |
||
| 338 |
_2rdacarrier _avolume _bnc |
||
| 490 | 0 | _aMcGraw-Hill series in sociology | |
| 504 | _aIncludes bibliographical references and index. | ||
| 650 | 7 |
_aSocial sciences _xResearch. _2BUEsh |
|
| 650 | 7 |
_aSocial sciences _xMethodology. _2BUEsh |
|
| 653 |
_bGGEN _cSeptember2020 |
||
| 655 |
_vReading book _934232 |
||
| 700 | 1 |
_aBlalock, Ann B. _eeditor. _932593 |
|
| 700 | 1 |
_aBlalock, Hubert M., _eeditor. _932593 |
|
| 906 |
_a7 _bcbc _coclcrpl _du _encip _f19 _gy-gencatlg |
||
| 942 |
_2ddc _cBB |
||